[Event "European Online Club-ch-B 2021"]
[Site "Online"]
[Date "2021.03.27"]
[Round "1.1"]
[White "Wojtaszek, Radoslaw"]
[Black "Chlpik, Martin"]
[Result "1-0"]
[WhiteElo "2705"]
[BlackElo "2199"]
[Annotator "TA"]
[PlyCount "77"]
[EventDate "2021.03.27"]
[EventType "team-tourn"]
[EventCountry "NET"]
[SourceTitle "playchess.com"]
[Source "ChessBase"]
[SourceQuality "1"]

{[%evp 22,77,59,44,74,76,77,69,73,77,72,68,47,59,125,111,115,124,122,62,60,69,74,62,69,-34,0,0,0,0,98,93,98,80,73,27,28,35,24,16,35,37,241,247,255,254,254,238,262,255,232,233,490,321,760,684,5377,639]} 1. d4 Nf6 2. c4 c5 3. d5 e6 4. Nc3 exd5 5. cxd5 d6 6. Nf3 g6 7. Nd2 Nbd7 8. e4 Bg7 9. Be2 O-O 10. O-O Re8 11. h3 a6 12. a4 $1 g5 {A77: Modern Benoni: Classical: 9...Re8 10 Nd2: 10...a6 and 10...Nbd7.} 13. f4 $5 {[%mdl 4] An interesting side line.} gxf4 14. Rxf4 Ne5 {White is slightly better.} 15. Rf2 Bd7 {[#]} 16. Nf1 $146 ({Predecessor:} 16. Qf1 Ng6 17. Nc4 Nxe4 18. Nxe4 Rxe4 19. Bd3 Rxc4 20. Bxc4 Bd4 21. Ra3 Bxf2+ 22. Qxf2 {½-½ (63) Kashlinskaya,A (2494)-Kapitanchuk,T (2320) chess.com INT 2020}) 16... Ng6 17. Ng3 Rb8 ({Black should try} 17... Qe7 $14) 18. Qf1 $16 Re5 19. a5 h5 20. Kh1 (20. Nf5 $16 Bxf5 21. exf5 (21. Rxf5 Nxe4 22. Nxe4 Rxe4 $11)) 20... h4 $14 21. Nf5 Bxf5 22. exf5 ({Of course not} 22. Rxf5 Nxe4 23. Nxe4 Rxe4 $11) 22... Ne7 23. Ra4 (23. Bf4 $14) 23... Qd7 ({Avoid the trap} 23... Nfxd5 $2 24. f6 $18) 24. Bf4 Rxf5 25. Bd3 Rxd5 ({Not} 25... Nfxd5 $2 26. Bxf5 Nxf5 27. Nxd5 $18) (25... Nh5 $1 $11 {remains equal.} 26. Bxf5 Nxf5) 26. Nxd5 $16 Nexd5 {[#]} 27. Qd1 $36 {[%mdl 2048] aiming for Bd2. Keeping Black busy.} Re8 28. Bd2 Ne3 29. Bxe3 Rxe3 30. Rxh4 Qe7 {Hoping for ...Re1+.} 31. Re2 Nd5 $2 {[#] A mistake that costs the game.} ({Better is} 31... d5 $14) 32. Re4 $1 $18 {[%cal Re4e7]} Rxe2 33. Qxe2 Be5 34. Qg4+ Kf8 35. Qc8+ Qe8 36. Qxb7 {[%mdl 64] Double Attack} Nb4 (36... Nf6) 37. Bc4 Nc2 $2 (37... Qe7 38. Bxa6 Qg5 39. Qc8+ Ke7 40. Qc7+ Kf8) 38. Bxa6 {Black must now prevent Bb5.} Qe6 39. Qc8+ {Weighted Error Value: White=0.19/Black=0.48} (39. Bc4 $142 Qe8 40. a6) 1-0

[Event "European Online Club-ch-B 2021"]
[Site "Online"]
[Date "2021.03.27"]
[Round "1.2"]
[White "Solcan, Martin"]
[Black "Navara, David"]
[Result "0-1"]
[WhiteElo "2076"]
[BlackElo "2697"]
[Annotator "TA"]
[PlyCount "66"]
[EventDate "2021.03.27"]
[EventType "team-tourn"]
[EventCountry "NET"]
[SourceTitle "playchess.com"]
[Source "ChessBase"]
[SourceQuality "1"]

{[%evp 9,66,-54,-22,-23,-18,-25,-19,-51,-31,-45,-40,-44,-42,-54,-69,-46,-50,-80,-33,-45,-34,-48,-49,-47,-65,-131,-117,-114,-101,-112,-74,-110,-132,-172,-127,-143,-127,-172,-172,-177,-125,-139,-62,-263,-270,-384,-395,-432,-422,-404,-420,-368,-361,-670,-643,-1372,-1295,-29988,-29989]} 1. g3 e5 2. Bg2 d5 3. c4 d4 4. d3 Nf6 5. Bg5 Nbd7 6. Nf3 {A00: Irregular Openings.} Bd6 7. O-O {[#]} O-O $146 ({Predecessor:} 7... h6 8. Bxf6 Nxf6 9. Qc2 c5 10. Nbd2 O-O 11. a3 Rb8 12. Rfb1 Bd7 13. b4 b6 14. bxc5 bxc5 15. Rxb8 Qxb8 {1-0 (38) Nunez Hernandez,Y (1708)-Marichal Miranda,D Santa Cruz de Tenerife 2014}) 8. a3 {The position is equal.} a5 9. Nbd2 h6 10. Bxf6 Nxf6 11. c5 Bxc5 12. Nxe5 Re8 13. Ndf3 Be6 14. Rc1 Bd6 15. Nc4 Bf8 16. Qd2 a4 17. Qf4 (17. e3 $15) 17... Nd5 18. Qd2 c5 19. e4 dxe3 20. fxe3 b5 21. Nce5 Rc8 22. d4 Nf6 23. Qe2 Qb6 24. Rfd1 Bb3 (24... Bd6 $19 {And now ...cxd4 would win.} 25. Bf1 c4) 25. Re1 $17 b4 (25... Bd5 $17 26. Nd3 Bc4) 26. Nc4 $2 {[#] White does not recover from this.} (26. axb4 $1 $15 cxd4 27. Rxc8 Rxc8 28. Nxd4) 26... Bxc4 $19 27. Qxc4 (27. Rxc4 {was forced.} bxa3 28. bxa3 cxd4 {[%mdl 64] Discovered Attack} 29. Rxc8 Rxc8 30. Nxd4) 27... cxd4 28. Qxc8 Rxc8 29. Rxc8 bxa3 30. bxa3 dxe3 31. Ne5 $2 {[#]} (31. Kh1) 31... Qe6 32. Rc3 Qxe5 33. Rexe3 Bc5 {[%mdl 64] Pin.  Weighted Error Value: White=0.90/Black=0.13} 0-1

[Event "European Online Club-ch-B 2021"]
[Site "Online"]
[Date "2021.03.27"]
[Round "1.3"]
[White "Sasikiran, Krishnan"]
[Black "Lecky, Juraj"]
[Result "1-0"]
[WhiteElo "2647"]
[BlackElo "2070"]
[Annotator "ChessBase"]
[PlyCount "72"]
[EventDate "2021.03.27"]
[EventType "team-tourn"]
[EventCountry "NET"]
[SourceTitle "playchess.com"]
[Source "ChessBase"]
[SourceQuality "1"]
[TimeControl "900+5"]

1. e4 {[%emt 0:00:00]} c5 {[%emt 0:00:03]} 2. Nf3 {[%emt 0:00:07]} d6 {[%emt 0:00:03]} 3. d4 {[%emt 0:00:06]} cxd4 {[%emt 0:00:02]} 4. Nxd4 {[%emt 0:00:03]} Nf6 {[%emt 0:00:02]} 5. Nc3 {[%emt 0:00:01]} a6 {[%emt 0:00:01]} 6. Be3 {[%emt 0:00:02]} e5 {[%emt 0:00:03]} 7. Nb3 {[%emt 0:00:02]} Be6 {[%emt 0:00:02]} 8. f3 {[%emt 0:00:10]} h5 {[%emt 0:00:02]} 9. Nd5 {[%emt 0:00:07]} Bxd5 {[%emt 0:00:42]} 10. exd5 {[%emt 0:00:02]} Nbd7 {[%emt 0:00:34]} 11. Qd2 {[%emt 0:00:03]} Rc8 {[%emt 0:01:20]} 12. c4 {[%emt 0:02:28]} Be7 {[%emt 0:03:07]} 13. Be2 {[%emt 0:02:28]} O-O {[%emt 0:00:22]} 14. Na5 {[%emt 0:01:16]} Qc7 {[%emt 0:00:28]} 15. O-O {[%emt 0:00:50]} Rfe8 {[%emt 0:01:59]} 16. b4 {[%emt 0:01:30]} Bf8 {[%emt 0:01:19]} 17. Rac1 {[%emt 0:01:36]} b6 {[%emt 0:05:38]} 18. Nc6 {[%emt 0:02:42]} Nb8 {[%emt 0:00:09]} 19. b5 {[%emt 0:00:21]} a5 {[%emt 0:00:14]} 20. h3 {[%emt 0:00:03]} Nfd7 {[%emt 0:00:11]} 21. f4 {[%emt 0:00:19]} exf4 {[%emt 0:00:07]} 22. Rxf4 {[%emt 0:00:07]} Nxc6 {[%emt 0:00:15]} 23. bxc6 {[%emt 0:00:27]} Ne5 {[%emt 0:00:03]} 24. Rb1 {[%emt 0:00:30]} Rb8 {[%emt 0:00:04]} 25. Bxh5 {[%emt 0:00:36]} g6 {[%emt 0:00:08]} 26. Be2 {[%emt 0:00:02]} Bg7 {[%emt 0:00:01]} 27. Rf2 {[%emt 0:00:12]} Re7 {[%emt 0:00:10]} 28. Bg5 {[%emt 0:00:03]} Ree8 {[%emt 0:00:02]} 29. Rbf1 {[%emt 0:00:15]} Rf8 {[%emt 0:00:07]} 30. h4 {[%emt 0:00:08]} Rbe8 {[%emt 0:00:01]} 31. h5 {[%emt 0:00:25]} gxh5 {[%emt 0:00:07]} 32. Bxh5 {[%emt 0:00:07]} Ng6 {[%emt 0:00:01]} 33. Qd3 {[%emt 0:00:05]} Re5 {[%emt 0:00:11]} 34. Bxg6 {[%emt 0:00:07]} Rxg5 {[%emt 0:00:01]} 35. Rxf7 {[%emt 0:00:09]} Rxf7 {[%emt 0:00:08]} 36. Bxf7+ {[%emt 0:00:03]} Kh8 {[%emt 0:00:04]} 1-0

[Event "European Online Club-ch-B 2021"]
[Site "Online"]
[Date "2021.03.27"]
[Round "1.4"]
[White "Nikel, Rastislav"]
[Black "Ragger, Markus"]
[Result "0-1"]
[WhiteElo "1984"]
[BlackElo "2680"]
[Annotator "TA"]
[PlyCount "102"]
[EventDate "2021.03.27"]
[EventType "team-tourn"]
[EventCountry "NET"]
[SourceTitle "playchess.com"]
[Source "ChessBase"]
[SourceQuality "1"]

{[%evp 18,102,39,25,34,24,38,28,25,29,33,37,46,14,21,-1,-2,-8,0,-9,0,0,11,0,0,0,59,62,82,82,74,84,84,64,96,-109,-102,-107,-104,-104,-104,-108,-96,-158,-130,-171,-179,-179,-179,-277,-173,-286,-284,-367,-339,-488,-372,-358,-337,-732,-513,-448,-408,-11060,-389,-29973,-653,-625,-618,-29977,-29971,-29971,-29971,-29972,-29973,-29973,-29973,-29974,-29975,-29977,-29976,-29979,-29976,-29983,-29984,-29984,-29985]} 1. e4 e5 2. Nf3 Nc6 3. Bb5 a6 4. Ba4 Nf6 5. O-O Be7 6. Re1 b5 7. Bb3 d6 8. c3 Na5 9. Bc2 c5 10. d4 exd4 {C90: Closed Ruy Lopez with 7...d6: Early deviations.} 11. cxd4 Bg4 12. d5 Nc4 {White has an edge.} 13. h3 Bxf3 14. Qxf3 Nd7 {[#]} 15. Qe2 $146 (15. Qd3 {with more complications.} O-O 16. Nc3 Nce5 17. Qd1 Bf6 18. Ne2) ({Predecessor:} 15. a4 O-O 16. b3 Nce5 17. Qe2 Bf6 18. Ra2 Qb6 19. Be3 Ng6 20. Nd2 Rfe8 21. Qf1 {½-½ (58) Kanovsky,D (2414)-Ragger,M (2690) Czech Republic 2018}) 15... O-O 16. Nd2 Nxd2 17. Bxd2 Bf6 18. Rab1 Re8 19. Bf4 Ne5 20. Bg3 Ng6 21. f4 Qa5 (21... Bh4 $11 22. Qf2 Bxg3 23. Qxg3 c4) 22. e5 $14 dxe5 23. Bxg6 ({Worse is} 23. fxe5 Bxe5 24. Bxe5 Rxe5 $17) 23... hxg6 24. fxe5 Qxa2 25. Qc2 Bd8 26. e6 $2 (26. Rbd1 $1 $16 {and life is bright.}) 26... Qxd5 $17 {Black converts the advantage convincingly.} 27. exf7+ Qxf7 28. Qxc5 Bf6 29. Kh2 Qb7 30. b3 ({White should play} 30. b4) 30... Rac8 31. Qf2 a5 $1 32. Rxe8+ Rxe8 33. Re1 (33. Rc1 {was worth a try.}) 33... Qf7 34. Rxe8+ (34. Rb1 $142) 34... Qxe8 $19 35. Qc5 Kh7 36. Bd6 (36. h4 $142) 36... a4 37. bxa4 bxa4 38. Kg3 $2 (38. Qa3) 38... Qe4 39. Qa3 Bd4 40. Bb4 (40. h4 $142) 40... Qe2 41. h4 $2 (41. Bd6 $19) 41... Qd1 (41... Be5+ $142 42. Kh3 Qe4 43. g3 Qh1+ 44. Kg4 Qf1 45. Qf3 Qc4+ {[%mdl 64] Double Attack} 46. Kh3 Qxb4 47. h5 Qb3 48. hxg6+ Kh6 49. Qg4 {[#]} Qxg3+ $1 {[%mdl 512]} 50. Qxg3 Bxg3 51. Kg4 a3 $1 52. Kxg3 a2 53. Kf4 a1=Q 54. Ke4 Qc3 55. Kd5 Kxg6 56. Kd6 Kf5 57. Kd5 Qb4 58. Kc6 Ke6 59. Kc7 Qb5 60. Kc8 Kd6 61. Kd8 Qd7#) 42. Kf4 Qc2 {( -> ...Qf5+)} 43. g4 Bb2 {Black mates.} 44. Qf3 Qc4+ 45. Qe4 Qxe4+ 46. Kxe4 a3 47. Bxa3 Bxa3 {KB-KPP} 48. Kf4 Bb4 49. Ke5 Be1 50. h5 gxh5 51. gxh5 Kh6 {Weighted Error Value: White=0.74/Black=0.37} 0-1

[Event "European Online Club-ch-B 2021"]
[Site "Online"]
[Date "2021.03.27"]
[Round "1.5"]
[White "Grandelius, Nils"]
[Black "Brunner, Nicolas"]
[Result "1-0"]
[WhiteElo "2663"]
[BlackElo "2418"]
[Annotator "TA"]
[PlyCount "51"]
[EventDate "2021.03.27"]
[EventType "team-tourn"]
[EventCountry "NET"]
[SourceTitle "playchess.com"]
[Source "ChessBase"]
[SourceQuality "1"]

{[%evp 9,51,18,40,14,28,0,0,0,7,1,0,0,0,-2,11,0,4,-34,-32,-96,-43,-81,-6,-72,6,-5,95,95,152,157,143,154,364,350,484,96,102,101,29986,29987,29987,29988,29994,29990]} 1. e4 c5 2. Nf3 e6 3. d4 cxd4 4. Nxd4 Nc6 5. Nc3 Qc7 6. g4 {B47: Sicilian: Taimanov: 5 Nc3 Qc7 6 f4, 6 g3 and 6 Be2.} a6 7. Be3 b5 8. Nxc6 {The position is equal.} Qxc6 {[#]} 9. Qd2 $146 ({Predecessor:} 9. Bg2 Bb7 10. a3 Ne7 11. Qd2 Ng6 12. f4 Nh4 13. O-O-O b4 14. axb4 Bxb4 15. Bd4 Nxg2 16. Qxg2 {0-1 (25) Hernandez Gonzalez,W (2481)-Matlakov,M (2685) chess.com INT 2020}) 9... b4 10. Ne2 Qxe4 11. Rg1 Qb7 (11... Qc6 {seems wilder.} 12. Bg2 d5 13. O-O-O a5 14. Rge1 b3) 12. O-O-O d5 13. g5 Ne7 14. Nf4 (14. Nd4 $15) 14... Bd7 (14... a5 $17 15. Nh5 a4) 15. Bg2 a5 (15... Nf5 $17 16. Rge1 Bc6 17. Bxd5 Bxd5 18. Nxd5 Bd6) 16. Kb1 (16. Rge1 $1 $11) 16... a4 (16... Nf5 $17 17. Bh3 Nxe3 18. Qxe3 O-O-O) 17. Rge1 $36 {[%mdl 2048] White has good play.} Bc6 (17... b3 $11 {remains equal.}) 18. Bc5 $16 b3 {[#]} (18... a3 $142) 19. Nxe6 $1 fxe6 20. Rxe6 {Hoping for Rde1.} bxa2+ $2 (20... Bd7 $16 21. Re5 (21. Bxd5 Qc7 $15) 21... Rc8 22. Bxd5 Rxc5 23. Bxb7 bxc2+ 24. Qxc2 Rxc2 25. Kxc2 g6) 21. Ka1 $18 O-O-O {With the idea ...Ng6.} ({Don't blunder} 21... Rb8 $2 22. Ba3 $18) 22. Bxe7 (22. Bh3 $18 {and White stays clearly on top.} Kb8 23. Qa5) 22... Bxe7 $16 23. Qc3 {[%mdl 64] [#] Double Attack} Bxg5 $2 {[%mdl 8192]} (23... Rd6 $16 24. Rxd6 Bxd6) 24. Rxc6+ {White mates.} Kb8 25. Qe5+ Ka8 26. Bxd5 {[%cal Rc6a6] Weighted Error Value: White=0.48/Black=0.80} 1-0

[Event "European Online Club-ch-B 2021"]
[Site "Online"]
[Date "2021.03.27"]
[Round "1.6"]
[White "Mathieu, Phileas"]
[Black "Engel, Luis"]
[Result "0-1"]
[WhiteElo "2240"]
[BlackElo "2553"]
[Annotator "ChessBase"]
[PlyCount "62"]
[EventDate "2021.03.27"]
[EventType "team-tourn"]
[EventCountry "NET"]
[SourceTitle "playchess.com"]
[Source "ChessBase"]
[SourceQuality "1"]
[TimeControl "900+5"]

1. e4 {[%emt 0:00:00]} c5 {[%emt 0:00:02]} 2. Nf3 {[%emt 0:00:04]} d6 {[%emt 0:00:02]} 3. d4 {[%emt 0:00:02]} cxd4 {[%emt 0:00:01]} 4. Qxd4 {[%emt 0:00:02]} Nf6 {[%emt 0:00:06]} 5. c4 {[%emt 0:00:06]} Nc6 {[%emt 0:00:03]} 6. Qe3 {[%emt 0:00:03]} g6 {[%emt 0:00:19]} 7. h3 {[%emt 0:00:09]} Bg7 {[%emt 0:00:02]} 8. Be2 {[%emt 0:00:02]} O-O {[%emt 0:00:16]} 9. O-O {[%emt 0:00:05]} Be6 {[%emt 0:01:02]} 10. Nc3 {[%emt 0:00:13]} Rc8 {[%emt 0:00:24]} 11. Rb1 {[%emt 0:00:54]} a6 {[%emt 0:01:04]} 12. Rd1 {[%emt 0:00:31]} Qa5 {[%emt 0:00:35]} 13. Bd2 {[%emt 0:02:20]} Qc5 {[%emt 0:00:48]} 14. b3 {[%emt 0:01:20]} Nd7 {[%emt 0:01:33]} 15. Nd5 {[%emt 0:00:53]} Bxd5 {[%emt 0:00:43]} 16. exd5 {[%emt 0:00:26]} Qxe3 {[%emt 0:00:41]} 17. Bxe3 {[%emt 0:00:04]} Nb4 {[%emt 0:00:54]} 18. a3 {[%emt 0:01:45]} Na2 {[%emt 0:01:03]} 19. Bd4 {[%emt 0:00:34]} Nc3 {[%emt 0:02:22]} 20. Bxc3 {[%emt 0:00:36]} Bxc3 {[%emt 0:00:00]} 21. b4 {[%emt 0:00:20]} Rc7 {[%emt 0:00:53]} 22. Rdc1 {[%emt 0:03:10]} Bf6 {[%emt 0:00:04]} 23. g3 {[%emt 0:01:17]} Rfc8 {[%emt 0:00:16]} 24. Nd2 {[%emt 0:00:16]} b5 {[%emt 0:00:45]} 25. Nb3 {[%emt 0:00:50]} bxc4 {[%emt 0:00:21]} 26. Na5 {[%emt 0:00:02]} Nb6 {[%emt 0:00:17]} 27. b5 {[%emt 0:00:08]} Nxd5 {[%emt 0:00:18]} 28. b6 {[%emt 0:00:38]} Rc5 {[%emt 0:00:24]} 29. b7 {[%emt 0:00:21]} Rb8 {[%emt 0:00:02]} 30. Nxc4 {[%emt 0:00:12]} Nc3 {[%emt 0:00:12]} 31. Rb2 {[%emt 0:00:05]} Rxb7 {[%emt 0:00:14]} 0-1

[Event "European Online Club-ch-B 2021"]
[Site "Online"]
[Date "2021.03.27"]
[Round "1.7"]
[White "Heinemann, Thies"]
[Black "Thomas, Anysia"]
[Result "1-0"]
[WhiteElo "2502"]
[BlackElo "2164"]
[Annotator "ChessBase"]
[PlyCount "107"]
[EventDate "2021.03.27"]
[EventType "team-tourn"]
[EventCountry "NET"]
[SourceTitle "playchess.com"]
[Source "ChessBase"]
[SourceQuality "1"]
[TimeControl "900+5"]

1. e4 {[%emt 0:00:00]} c5 {[%emt 0:00:04]} 2. Nf3 {[%emt 0:00:05]} g6 {[%emt 0:00:01]} 3. Bc4 {[%emt 0:00:10]} Nc6 {[%emt 0:00:18]} 4. c3 {[%emt 0:00:12]} e6 {[%emt 0:01:33]} 5. d4 {[%emt 0:00:14]} cxd4 {[%emt 0:00:03]} 6. Nxd4 {[%emt 0:00:07]} a6 {[%emt 0:03:10]} 7. Nxc6 {[%emt 0:01:03]} bxc6 {[%emt 0:00:22]} 8. e5 {[%emt 0:00:13]} Bg7 {[%emt 0:00:26]} 9. Qe2 {[%emt 0:00:25]} d5 {[%emt 0:00:43]} 10. exd6 {[%emt 0:00:10]} Qxd6 {[%emt 0:00:02]} 11. O-O {[%emt 0:00:13]} Ne7 {[%emt 0:00:03]} 12. Nd2 {[%emt 0:00:42]} O-O {[%emt 0:00:48]} 13. Ne4 {[%emt 0:00:11]} Qc7 {[%emt 0:00:14]} 14. Be3 {[%emt 0:00:24]} Nd5 {[%emt 0:01:15]} 15. Bc5 {[%emt 0:00:18]} Rd8 {[%emt 0:00:11]} 16. Rad1 {[%emt 0:01:05]} e5 {[%emt 0:00:53]} 17. Rfe1 {[%emt 0:01:56]} Be6 {[%emt 0:00:11]} 18. Qf1 {[%emt 0:00:50]} h6 {[%emt 0:00:57]} 19. Rd2 {[%emt 0:01:13]} f5 {[%emt 0:00:45]} 20. Ng3 {[%emt 0:00:17]} Nf4 {[%emt 0:01:16]} 21. Red1 {[%emt 0:00:08]} Bd5 {[%emt 0:00:22]} 22. f3 {[%emt 0:00:33]} Kh7 {[%emt 0:00:07]} 23. Be3 {[%emt 0:01:12]} Ne6 {[%emt 0:01:11]} 24. Bf2 {[%emt 0:00:43]} Nf4 {[%emt 0:00:21]} 25. Bxd5 {[%emt 0:01:53]} cxd5 {[%emt 0:00:03]} 26. Ne2 {[%emt 0:00:03]} Nxe2+ {[%emt 0:00:46]} 27. Qxe2 {[%emt 0:00:03]} Qc6 {[%emt 0:00:21]} 28. f4 {[%emt 0:00:39]} e4 {[%emt 0:00:17]} 29. Bd4 {[%emt 0:00:03]} Rd7 {[%emt 0:00:07]} 30. Qe3 {[%emt 0:00:20]} Rad8 {[%emt 0:00:06]} 31. Bxg7 {[%emt 0:00:03]} Rxg7 {[%emt 0:00:02]} 32. Rd4 {[%emt 0:00:03]} Rgd7 {[%emt 0:00:05]} 33. h3 {[%emt 0:00:03]} Qc7 {[%emt 0:00:10]} 34. R1d2 {[%emt 0:00:05]} Qa5 {[%emt 0:00:06]} 35. b3 {[%emt 0:00:18]} Qc7 {[%emt 0:00:05]} 36. Kh1 {[%emt 0:00:15]} Kg7 {[%emt 0:00:05]} 37. g4 {[%emt 0:00:36]} fxg4 {[%emt 0:00:11]} 38. hxg4 {[%emt 0:00:02]} Qc6 {[%emt 0:00:02]} 39. f5 {[%emt 0:00:15]} Qf6 {[%emt 0:00:07]} 40. fxg6 {[%emt 0:00:13]} Qxg6 {[%emt 0:00:02]} 41. c4 {[%emt 0:00:12]} Rf7 {[%emt 0:00:14]} 42. Rxd5 {[%emt 0:00:35]} Rxd5 {[%emt 0:00:08]} 43. cxd5 {[%emt 0:00:02]} Rf1+ {[%emt 0:00:07]} 44. Kh2 {[%emt 0:00:05]} Rf3 {[%emt 0:00:09]} 45. Qa7+ {[%emt 0:00:04]} Kg8 {[%emt 0:00:06]} 46. Qb8+ {[%emt 0:00:07]} Kg7 {[%emt 0:00:08]} 47. Qe5+ {[%emt 0:00:02]} Kh7 {[%emt 0:00:03]} 48. Rc2 {[%emt 0:00:04]} Rf7 {[%emt 0:00:08]} 49. Rc7 {[%emt 0:00:08]} Kg8 {[%emt 0:00:06]} 50. Qe8+ {[%emt 0:00:23]} Kg7 {[%emt 0:00:05]} 51. Rxf7+ {[%emt 0:00:03]} Qxf7 {[%emt 0:00:03]} 52. Qxf7+ {[%emt 0:00:01]} Kxf7 {[%emt 0:00:02]} 53. Kg3 {[%emt 0:00:02]} Ke7 {[%emt 0:00:04]} 54. Kf4 {[%emt 0:00:01]} 1-0

[Event "European Online Club-ch-B 2021"]
[Site "Online"]
[Date "2021.03.27"]
[Round "1.8"]
[White "Frantz, Nicolas"]
[Black "Kramer, Julian"]
[Result "1/2-1/2"]
[WhiteElo "2140"]
[BlackElo "2419"]
[Annotator "NA"]
[PlyCount "78"]
[EventDate "2021.03.27"]
[EventType "team-tourn"]
[EventCountry "NET"]
[SourceTitle "playchess.com"]
[Source "ChessBase"]
[SourceQuality "1"]
[TimeControl "900+5"]

1. e4 {[%emt 0:00:00]} c5 {[%emt 0:00:03]} 2. Nf3 {[%emt 0:00:03]} d6 {[%emt 0:00:02]} 3. d4 {[%emt 0:00:02]} cxd4 {[%emt 0:00:00]} 4. Qxd4 {[%emt 0:00:02]} Nc6 {[%emt 0:00:02]} 5. Bb5 {[%emt 0:00:02]} a6 {[%emt 0:00:01]} 6. Bxc6+ {[%emt 0:00:03]} bxc6 {[%emt 0:00:00]} 7. c4 {[%emt 0:00:03]} e5 {[%emt 0:00:03]} 8. Qd3 {[%emt 0:00:02]} Ne7 {[%emt 0:00:02]} 9. c5 {[%emt 0:01:59]} Qa5+ {[%emt 0:00:54]} 10. Nc3 {[%emt 0:00:04]} Qxc5 {[%emt 0:00:52]} 11. O-O {[%emt 0:00:40]} Ng6 {[%emt 0:00:34]} 12. Be3 {[%emt 0:00:27]} Qb4 {[%emt 0:01:08]} 13. a3 {[%emt 0:00:34]} Qb7 {[%emt 0:00:21]} 14. b4 {[%emt 0:00:18]} Be7 {[%emt 0:00:21]} 15. Rac1 {[%emt 0:00:29]} O-O {[%emt 0:00:17]} 16. Na4 {[%emt 0:02:46]} Qb5 {[%emt 0:03:52]} 17. Qc2 {[%emt 0:00:07]} Rb8 {[%emt 0:01:37]} 18. Rfd1 {[%emt 0:01:41]} Bd7 {[%emt 0:00:25]} 19. Nc3 {[%emt 0:04:45]} Qb7 {[%emt 0:00:07]} 20. h3 {[%emt 0:01:01]} h6 {[%emt 0:00:59]} 21. Na4 {[%emt 0:00:28]} Kh7 {[%emt 0:03:08]} 22. Nb6 {[%emt 0:00:07]} Be8 {[%emt 0:00:02]} 23. Nc4 {[%emt 0:00:03]} Qc7 {[%emt 0:00:24]} 24. Na5 {[%emt 0:00:47]} c5 {[%emt 0:00:02]} 25. Rd5 {[%emt 0:00:13]} Qd8 {[%emt 0:00:20]} 26. Nc4 {[%emt 0:00:11]} Bc6 {[%emt 0:00:04]} 27. Rdd1 {[%emt 0:00:05]} cxb4 {[%emt 0:00:08]} 28. Ncxe5 {[%emt 0:00:03]} Ba8 {[%emt 0:00:21]} 29. Nxg6 {[%emt 0:00:02]} fxg6 {[%emt 0:00:01]} 30. axb4 {[%emt 0:00:01]} Rxb4 {[%emt 0:00:04]} 31. Nd4 {[%emt 0:00:01]} Qd7 {[%emt 0:00:07]} 32. Qc7 {[%emt 0:00:03]} Rb7 {[%emt 0:00:13]} 33. Qxd7 {[%emt 0:00:08]} Rxd7 {[%emt 0:00:00]} 34. Ne6 {[%emt 0:00:07]} Rb8 {[%emt 0:00:12]} 35. e5 {[%emt 0:00:02]} a5 {[%emt 0:00:23]} 36. Nc5 {[%emt 0:00:04]} Rdd8 {[%emt 0:00:03]} 37. Ne6 {[%emt 0:00:01]} Rd7 {[%emt 0:00:23]} 38. Nc5 {[%emt 0:00:02]} Rdd8 {[%emt 0:00:04]} 39. Ne6 {[%emt 0:00:11]} Rd7 {[%emt 0:00:22]} 1/2-1/2